000 00573cam0a220018100 4500
001 tmp15974916
003 UPRA
005 20190830105943.0
008 951116s1960 enk eng u
035 _a(Sirsi) r26186
035 _a(UPRA)tmp15974916
040 _cUPRA
100 1 _aChaucer, Geoffrey, d. 1400.
_dChaucer, Geoffrey, d. 1400.
_6A926.1
245 1 0 _aCanterbury tales :
_bthe prologue and squire's tale /
_ced. by A.J. Wyatt.
260 _aLondon :
_bUniversity Tutorial Press,
_c[1960]
949 _aPR1868
_wlcc
_i-26799
_mMAIN
_tBOOK
_lON-SHELF
004 26186
999 _c187631
_d187631